01720cam a22002417a 450000100090000000300040000900500170001300800410003002000180007104000070008905000180009610000210011424500850013525000120022026000480023230000250028050000530030550510160035865000260137465000280140065000230142865300270145116936301OSt20240826115531.0110826s2004 stka b 001 0 eng c a9780323261838 cLC00aRL81.H11 (6e)1 aHabif, Thomas P.10aClinical dermatology: a color guide to diagnosis and therapy /cThomas P. Habif. a6th ed. aSt. Louis, Missouri : bElsevier, c[2016]. axv, 1008 p. :bill,  aIncludes bibliographical references and indexes.0 aContent: Principles of diagnosis and anatomy -- Topical therapy and topical corticosteroids -- Eczema and hand dermatitis -- Contact dermatitis and patch testing -- Atopic dermatitis -- Urticaria, angioedema, and pruritus -- Acne, rosacea, and related disorders -- Psoriasis and other papulosquamous diseases -- Bacterial infections -- Sexually transmitted bacterial infections -- Sexually transmitted viral infections -- Warts, herpes simplex and other viral infections -- superficial fungal infections -- Exanthems and drug eruptions – Infestations and bites – Vesicular and bullous diseases – Connective tissue diseases – Hypersensitivity syndromes and vasculitis – Lights – related diseases and disorders of pigmentation – Benign skin tumors – Premalignant and malignant nonmelanoma skin tumors – New and malignant melanoma – Vascular tumors and malformations – Hair diseases – Nail diseases – Cutaneous manifestations of internal disease – Dermatologic surgical procedures –  0aDermatologyvAtlases.12aSkin DiseasesvAtlases.17aDermatologie.2gtt0 aHumansaSkinaDiseases